Teamwork in practice : (Record no. 356953)
[ view plain ]
| 000 -LEADER | |
|---|---|
| fixed length control field | 00522nam a2200205Ia 4500 |
| 008 - FIXED-LENGTH DATA ELEMENTS--GENERAL INFORMATION | |
| fixed length control field | 180523s9999 xx 000 0 und d |
| 020 ## - INTERNATIONAL STANDARD BOOK NUMBER | |
| International Standard Book Number | 81-7224-430-4 |
| 050 ## - LIBRARY OF CONGRESS CALL NUMBER | |
| Classification number | MAIN HD 66 |
| 050 ## - LIBRARY OF CONGRESS CALL NUMBER | |
| Item number | .H37 2004 c.1 |
| 100 ## - MAIN ENTRY--PERSONAL NAME | |
| Personal name | Hardingham, Alison. |
| 245 #0 - TITLE STATEMENT | |
| Title | Teamwork in practice : |
| 245 #0 - TITLE STATEMENT | |
| Remainder of title | pulling together / |
| 245 #0 - TITLE STATEMENT | |
| Statement of responsibility, etc | Alison Hardingham & Jenny Royal. |
| 260 ## - PUBLICATION, DISTRIBUTION, ETC. (IMPRINT) | |
| Place of publication, distribution, etc | New Delhi : |
| 260 ## - PUBLICATION, DISTRIBUTION, ETC. (IMPRINT) | |
| Name of publisher, distributor, etc | Jaico Publishing, |
| 260 ## - PUBLICATION, DISTRIBUTION, ETC. (IMPRINT) | |
| Date of publication, distribution, etc | 2004 |
| 300 ## - PHYSICAL DESCRIPTION | |
| Extent | 190 pages : |
| 300 ## - PHYSICAL DESCRIPTION | |
| Dimensions | 22 cm. |
| 500 ## - GENERAL NOTE | |
| General note | Includes index. |
| Withdrawn status | Lost status | Damaged status | Home library | Current library | Shelving location | Date acquired | Cost, normal purchase price | Total Checkouts | Full call number | Barcode | Date last seen | Price effective from | Koha item type |
|---|---|---|---|---|---|---|---|---|---|---|---|---|---|
| South Mansfield College | South Mansfield College | 03/07/2005 | 493.00 | MAIN HD 66 .H37 2004 c.1 | SMC00677 | 05/23/2018 | 05/23/2018 |